• 首页
  • 本馆介绍
  • 公告通知
  • 最新文献
  • 馆藏检索
  • 电子资源
  • 读者导购
  • 参考咨询
  • 我的图书馆
  • 登录
  • 详细信息显示
  • 放入我的书架
  • 预约/预借图书
  • 作者相关作品
  • 分类相关作品
  • 丛书相关作品
  • 出版社相关作品

书目信息

  • 表格格式
  • 工作单格式
  • 卡片格式
题名:
材料与记忆
    
 
作者: 柏格森 著 ;肖聿 译
分册:  
出版信息: 北京   华夏出版社  1999.1
页数: 226页
开本: 20cm
丛书名: 现代西方思想文库
单 册:
中图分类: B565.51
科图分类:
主题词: 记忆-哲学
电子资源:
ISBN: 7-5080-1640-8
000 00692nam0 2200229 45
001 0104090962
005 20031219104049.4
010    @a7-5080-1640-8@dCNY12.80
100    @a20010409d1999 km y0chiy0120 ea
101 0  @achi
105    @a z 000yy
200 1  @a材料与记忆@ACai Liao Yu Ji Yi@f(法)柏格森(Bergerson,H.)著@F(Fa)Bai Ge Sen(Bergerson,H.)Zhu@g肖聿译
210    @a北京@c华夏出版社@d1999.1
215    @a226页@d20cm
225    @a现代西方思想文库
410    @12001 @a现代西方思想文库
606 0  @a记忆-哲学
690    @aB565.51@v1
701  0 @a柏格森@bBergerson,H.@4著
702  0 @a肖聿@AXiao Yu@4译
801    @aCN@bTSTC@c20010514
905    @a213230@f3@b296655-657@dB565.51@e28
    
    材料与记忆/(法)柏格森(Bergerson,H.)著/肖聿译.-北京:华夏出版社,1999.1
    226页;20cm.-(现代西方思想文库)
    
    
    ISBN 7-5080-1640-8:CNY12.80
    
●
相关链接 在E读中查询图书 在五车中查询图书 在当当中查询图书 在豆瓣中查询图书


正题名:材料与记忆     索取号:B565.51/28         预约/预借

序号 登录号 条形码 馆藏地/架位号 状态 备注
1 0296655   002966552   第一借阅区/ [索取号:B565.51/28] 在馆    
2 0296656   002966561   第一借阅区/ [索取号:B565.51/28] 在馆    
3 0296657   002966570   第一样本阅览室/ [索取号:B565.51/28] 在馆    
唐山师范学院图书馆 欢迎您!
大连网信软件有限公司© 版权所有